00429nam a2200169Ia 450000500170000000800410001704000190005804100120007708200150008910000160010424500390012026000340015930000170019350400230021065000160023385000100024920240528103045.0131103s9999 xx 000 0 und d aLoreto College aEnglish a510.7bBIS aBishop, E M aMathematics around youcE M Bishop aLondonbChatto & Windisc1964 a64p.b ills. aIncludes reference aMathematics aLCBED